000 00289nam a2200121Ia 4500
008 211105s9999 xx 000 0 und d
020 _aVYASA14916
100 _aAtreya B. L.
245 4 _aThe Vision And The Way Of Vasistha
250 _a2nd
260 _bSamanta Books
_c\N
300 _a586p.
999 _c8091
_d8091